000
00246nam a22000977a 4500
999
_c
11776
_d
11776
008
200215b ||||| |||| 00| 0 eng d
020
_a
043915832X
100
_a
Lucado Max
_9
7460
245
_a
Because I Love you
260
_a
New York
_b
Scholastic
_c
1999